Female Directors - Statistics

General Stats
  • This quiz has been taken 55 times
  • The average score is 9 of 23
Answer Stats
Film Director % Correct
Lost in Translation Sofia Coppola
91%
Little Women Greta Gerwig
87%
Nomadland Chloe Zhao
77%
Point Break Kathryn Bigelow
70%
Cleo from 5 to 7 Agnes Varda
53%
Booksmart Olivia Wilde
47%
Wonder Woman Patty Jenkins
47%
Promising Young Woman Emerald Fennell
43%
We Need to Talk about Kevin Lynne Ramsey
43%
Sleepless in Seattle Nora Ephron
43%
Little Man Tate Jodie Foster
38%
American Psycho Mary Harron
36%
Big Penny Marshall
36%
Fish Tank Andrea Arnold
32%
Shiva Baby Emma Seligman
30%
Winter's Bone Debra Granik
19%
Bird Box Susanne Bier
17%
Frozen Jennifer Lee
15%
Brave Brenda Chapman
11%
Bend It Like Beckham Gurinder Chadha
11%
Cherry Blossoms Doris Dörrie
9%
Wadjda Haifaa al-Mansour
9%
The Breadwinner Nora Twomey
9%
No matching quizzes found
Score Distribution
Percent of People with Each Score
Percentile by Number Answered
Your Score History
You have not taken this quiz